00321nam a2200121Ia 4500008004100000041000800041082001500049100001300064245004500077260003300122300003300155365001100188240624s9999 xx 000 0 und d aeng a346.07 JAI aJAIN N K aCORPORATE LAWS ADMINISTRATION AND MANAGE c2007aNew DelhibDeep & Deep axviii, : 674 : p. : cm. ; 21 cRSb20